000 00722nam a2200205 i 4500
001 57210
003 ES-MaACL
005 20250815082225.0
007 t|
008 031015s1959 sp ||||1| spa d
100 1 _aDonzallaz, Paul.
_945351
245 1 3 _aLa Estadística comercial
_b: método de análisis de las Empresas /
_cPaul Donzallaz ; traducción del francés por Mariano Quirce.
260 _aMadrid :
_bAguilar,
_c1959 (
_fBlass)
300 _aXIX, 231 p. :
_bgráf. ;
_c22 cm.
490 1 _aBiblioteca de ciencias sociales
700 1 _aQuirce, Mariano.
_994759
830 0 0 _aBiblioteca de ciencias sociales (Aguilar)
_9220462
852 _aES-MaACL
_jC-16262
_bR.44253
999 _c57210
_d57210